UM Logo

NPC shuts down 26 online lending firms / (Record no. 18052)

MARC details
000 -LEADER
fixed length control field 00328nam a22001097a 4500
008 - FIXED-LENGTH DATA ELEMENTS--GENERAL INFORMATION
fixed length control field 230331b ||||| |||| 00| 0 eng d
245 ## - TITLE STATEMENT
Title NPC shuts down 26 online lending firms /
260 ## - PUBLICATION, DISTRIBUTION, ETC. (IMPRINT)
Place of publication, distribution, etc. Philippines :
Name of publisher, distributor, etc. Manila Bulletin,
Date of publication, distribution, etc. October 22, 2019.
300 ## - PHYSICAL DESCRIPTION
Extent 1 page.
650 ## - SUBJECT ADDED ENTRY--TOPICAL TERM
Topical term or geographic name as entry element Financial institution.
9 (RLIN) 48330
942 ## - ADDED ENTRY ELEMENTS (KOHA)
Source of classification or shelving scheme Dewey Decimal Classification
Koha item type Periodicals
Holdings
Withdrawn status Lost status Source of classification or shelving scheme Damaged status Not for loan Collection code Home library Current library Date acquired Total Checkouts Date last seen Price effective from Koha item type Public note
    Dewey Decimal Classification     Periodicals UM Digos College - LIC UM Digos College - LIC 03/31/2023   03/31/2023 03/31/2023 Periodicals Newspaper clippings